Montoneros /

Guardado en:
Autor Principal: Sein, Santiago
Autores Corporativos: Universidad Nacional de Córdoba., Canal Encuentro.
Formato: Deslizar
Publicado: Argentina, 2008.
Series:Crónicas De Archivo - Capítulo 8
Materias:
Etiquetas: Agregar Etiqueta
Sin Etiquetas, Sea el primero en etiquetar este registro!
LEADER 01265ngm a22003735g 4500
001 CEM.cems023092
008 130507s2008##################0###0#####d
005 20241211153520.0
245 1 0 |a Montoneros /  |c Santiago Sein. 
260 |a Argentina,  |c 2008. 
300 |a 29'. 
490 0 |a Crónicas De Archivo - Capítulo 8 
500 |a Consultar en ventanilla. 
505 0 |a Antecedentes de la Organización. El secuestro y asesinato de Aramburu. La guerrilla urbana. Su papel en el retorno de Perón y su enfrentamiento posterior con él. Su paso a la clandestinidad y declive. 
538 |a Soporte: DVD - Color: Si - Grabación DRD 2012 
590 |a Identificación SIABUC: DVD Nº 59 
100 1 |a Sein, Santiago 
710 2 |a Universidad Nacional de Córdoba. 
710 2 |a Canal Encuentro. 
082 9 8 |/ SEI-1 
082 9 8 |/ 0NG 
653 |a HISTORIA 
653 |a HISTORIA ARGENTINA 
653 |a PERON 
653 |a PERONISMO 
653 |a MONTONEROS 
653 |a LANUSSE 
653 |a DECADA DEL 70' 
653 |a ORGANIZACIONES ARMADAS 
653 |a GUERRILLA 
653 |a CRONICAS DE ARCHIVO 
653 |a NIVEL PRIMARIO 
653 |a NIVEL SECUNDARIO 
859 |a CEMS  |b BIB. CEMS - Depto. Recursos Didacticos  |h 982  |i SEI-1  |k DRD  |p 1735.12  |t Ej.1